[Event "4NCL 3 North pool A"]
[Site "Wakefield, ENG"]
[Date "2016.03.19"]
[Round "7.55"]
[White "Phillips, David A"]
[Black "Wallace, Paul"]
[Result "1/2-1/2"]
[WhiteElo "2005"]
[BlackElo "2243"]
[PlyCount "39"]
[EventDate "2016.03.19"]
[WhiteTeam "Spirit of Atticus C"]
[BlackTeam "Cheddleton 2"]

1. e4 e5 2. Nf3 Nc6 3. Bb5 f5 4. Nc3 fxe4 5. Nxe4 d5 6. Nxe5 dxe4 7. Nxc6 Qd5
8. c4 Qd6 9. Nxa7+ Bd7 10. Bxd7+ Qxd7 11. Nb5 Nf6 12. Qe2 Bb4 13. O-O O-O 14.
c5 Bxc5 15. b4 Bb6 16. Bb2 Ng4 17. Qxe4 Bxf2+ 18. Kh1 c6 19. Nc7 Qxc7 20. Qxg4
1/2-1/2

[Event "4NCL 3 North pool A"]
[Site "Wakefield, ENG"]
[Date "2016.03.19"]
[Round "7.56"]
[White "Richardson, Alex"]
[Black "Mort, Andrew J"]
[Result "1-0"]
[WhiteElo "2128"]
[BlackElo "1920"]
[PlyCount "41"]
[EventDate "2016.03.19"]
[WhiteTeam "Cheddleton 2"]
[BlackTeam "Spirit of Atticus C"]

1. d4 d5 2. Nf3 e6 3. c4 c5 4. cxd5 exd5 5. g3 Nc6 6. Bg2 Nf6 7. O-O Be7 8.
dxc5 Bxc5 9. a3 O-O 10. b4 Bb6 11. Bb2 Re8 12. Nc3 a6 13. Rc1 Be6 14. Na4 Ba7
15. Nc5 Bxc5 16. Rxc5 Ne4 17. Rc1 Nd6 18. Nd4 Ne7 19. Nxe6 fxe6 20. e4 Nc4 21.
Ba1 1-0

[Event "4NCL 3 North pool A"]
[Site "Wakefield, ENG"]
[Date "2016.03.19"]
[Round "7.57"]
[White "Miles, Richard"]
[Black "Edwards, Simon R"]
[Result "1/2-1/2"]
[WhiteElo "1949"]
[BlackElo "2020"]
[PlyCount "35"]
[EventDate "2016.03.19"]
[WhiteTeam "Spirit of Atticus C"]
[BlackTeam "Cheddleton 2"]

1. Nf3 c5 2. e4 g6 3. d4 cxd4 4. Nxd4 Bg7 5. Nc3 Nc6 6. Be3 Nf6 7. Bc4 Qa5 8.
O-O O-O 9. Bb3 d6 10. f3 Rd8 11. Qe2 Nd7 12. Qf2 Nc5 13. Rfd1 Nxd4 14. Bxd4
Bxd4 15. Qxd4 Ne6 16. Qe3 Nc7 17. Nd5 Nxd5 18. Rxd5 1/2-1/2

[Event "4NCL 3 North pool A"]
[Site "Wakefield, ENG"]
[Date "2016.03.19"]
[Round "7.58"]
[White "Boswell, Jacob Connor"]
[Black "Cooper, John G"]
[Result "1-0"]
[WhiteElo "1840"]
[BlackElo "1959"]
[PlyCount "63"]
[EventDate "2016.03.19"]
[WhiteTeam "Cheddleton 2"]
[BlackTeam "Spirit of Atticus C"]

1. e4 d5 2. exd5 Qxd5 3. d4 Nc6 4. Be3 e5 5. c4 Bb4+ 6. Nd2 Qd6 7. d5 Nd4 8.
Bxd4 exd4 9. a3 Bxd2+ 10. Qxd2 c5 11. dxc6 bxc6 12. Nf3 c5 13. b4 Bg4 14. bxc5
Qe7+ 15. Qe2 O-O-O 16. Qxe7 Nxe7 17. Ne5 Be6 18. O-O-O f6 19. Nf3 Nc6 20. Bd3
Kc7 21. Rhe1 Bg4 22. Be4 Ne5 23. Nxd4 Bxd1 24. Ne6+ Kc8 25. Nxd8 Rxd8 26. Rxd1
Rxd1+ 27. Kxd1 Nxc4 28. Bxh7 Nxa3 29. Kd2 Kc7 30. Kc3 Kc6 31. Kb4 Nb5 32. Be4+
1-0

[Event "4NCL 3 North pool A"]
[Site "Wakefield, ENG"]
[Date "2016.03.19"]
[Round "7.59"]
[White "Hulme, David I"]
[Black "Valentine, Glyn D"]
[Result "1-0"]
[WhiteElo "1757"]
[BlackElo "1802"]
[PlyCount "47"]
[EventDate "2016.03.19"]
[WhiteTeam "Spirit of Atticus C"]
[BlackTeam "Cheddleton 2"]

1. e4 c5 2. Nf3 d6 3. d4 cxd4 4. Nxd4 Nf6 5. Nc3 a6 6. Bd3 e5 7. Nb3 Be7 8. h3
Nbd7 9. Be3 b5 10. a3 Bb7 11. Qf3 Rc8 12. g4 Nc5 13. Nxc5 dxc5 14. g5 Nd7 15.
Rd1 Bxg5 16. Bxg5 Qxg5 17. Bxb5 axb5 18. Nxb5 O-O 19. Nd6 Rb8 20. h4 Qf6 21.
Qg4 Ba6 22. Nf5 Bc8 23. Rd6 Qxd6 24. Qxg7# 1-0

[Event "4NCL 3 North pool A"]
[Site "Wakefield, ENG"]
[Date "2016.03.19"]
[Round "7.65"]
[White "Bentley, John L"]
[Black "Polaczek, Richard"]
[Result "0-1"]
[WhiteElo "2137"]
[BlackElo "2409"]
[PlyCount "186"]
[EventDate "2016.03.19"]
[WhiteTeam "3Cs 2"]
[BlackTeam "Broadland Bitterns"]

1. d4 Nf6 2. c4 e6 3. g3 Bb4+ 4. Nd2 d5 5. Bg2 O-O 6. Ngf3 b6 7. O-O Bb7 8. Ne5
Nbd7 9. Nd3 Bd6 10. cxd5 exd5 11. b4 Re8 12. Rb1 Qe7 13. e3 Ne4 14. Qc2 a5 15.
b5 Rac8 16. f3 Nxd2 17. Qxd2 c5 18. Nf2 Rc7 19. Qd3 Nf6 20. Bd2 h5 21. Rbe1 Qd7
22. Bh3 Qd8 23. Re2 cxd4 24. exd4 Rxe2 25. Qxe2 Rc2 26. Qd3 Qc7 27. Bg5 Rc3 28.
Qf5 Qe7 29. Qb1 Rxf3 30. Nd3 Rxf1+ 31. Qxf1 Qe4 32. Bxf6 gxf6 33. Qxf6 Be7 34.
Qe5 Qxd3 35. Qxe7 Qxd4+ 36. Kg2 Qb2+ 37. Kg1 Qa1+ 38. Bf1 Qd4+ 39. Kg2 Qd2+ 40.
Kg1 Qd4+ 41. Kg2 Qe4+ 42. Qxe4 dxe4 43. Kf2 h4 44. Ke3 hxg3 45. hxg3 Kg7 46.
Kf4 Bd5 47. a3 Kf6 48. g4 Ke6 49. g5 Kd6 50. Be2 Kc5 51. Ke3 a4 52. Bf1 Bc4 53.
Bg2 Bd3 54. Bh3 Kd5 55. Bd7 Ke5 56. Be8 Bc4 57. Bd7 Bd5 58. Bg4 Bb3 59. Bd7 Bc2
60. Be8 Bb3 61. Bd7 Bc4 62. Bc6 Bd5 63. Bd7 Kd6 64. Bf5 Kc5 65. Bd7 Kc4 66. Bc6
Be6 67. Kxe4 Kb3 68. Kd4 Kxa3 69. Kc3 Ka2 70. Be4 a3 71. Bd3 Ka1 72. Kc2 Ba2
73. Kc1 Bb3 74. g6 fxg6 75. Bxg6 Bc4 76. Be8 Bd3 77. Bd7 Bc4 78. Kc2 Bf7 79.
Bf5 Ka2 80. Bd3 Be6 81. Be4 Bb3+ 82. Kc3 Bd1 83. Bd3 Ka1 84. Bc4 Kb1 85. Bd3+
Kc1 86. Bc4 Bc2 87. Ba2 Ba4 88. Bf7 Bd1 89. Ba2 Bc2 90. Bf7 Bb1 91. Be6 a2 92.
Bxa2 Bxa2 93. Kd4 Kb2 0-1

[Event "4NCL 3 North pool A"]
[Site "Wakefield, ENG"]
[Date "2016.03.19"]
[Round "7.66"]
[White "Hughes, Roy"]
[Black "Clarke, Stuart W"]
[Result "0-1"]
[WhiteElo "2117"]
[BlackElo "2065"]
[PlyCount "104"]
[EventDate "2016.03.19"]
[WhiteTeam "Broadland Bitterns"]
[BlackTeam "3Cs 2"]

1. d4 e6 2. Bf4 Nf6 3. e3 b6 4. Nf3 Bb7 5. h3 Be7 6. Bd3 c5 7. Nbd2 d6 8. O-O
O-O 9. Qe2 Nbd7 10. Rfd1 Qc7 11. Bh2 Rfe8 12. c3 Rad8 13. a4 Bc6 14. e4 Qb7 15.
b4 Qa8 16. b5 Bb7 17. a5 Qc8 18. a6 Ba8 19. Rac1 Nf8 20. Bb1 Ng6 21. Ne1 Nd7
22. f4 Bf6 23. Nc4 Be7 24. Ne3 Nf6 25. d5 Bf8 26. c4 exd5 27. exd5 Ne7 28. Qf3
Nd7 29. Nd3 f5 30. Nf2 g6 31. g4 Nf6 32. Bg3 Bg7 33. Bh4 Rf8 34. Re1 Rde8 35.
Re2 fxg4 36. hxg4 Nd7 37. Ne4 Be5 38. Bg5 Qc7 39. Qg3 Bd4 40. Qh4 Nxd5 41. cxd5
Bxd5 42. Be7 Ne5 43. fxe5 Qxe7 44. Qxe7 Rxe7 45. Nc3 Bf3 46. Ba2+ Kg7 47. Ree1
Rxe5 48. Ncd1 Bxg4 49. Kg2 Bf3+ 50. Kg3 Rg5+ 51. Kh3 Rh5+ 52. Kg3 Be5+ 0-1

[Event "4NCL 3 North pool A"]
[Site "Wakefield, ENG"]
[Date "2016.03.19"]
[Round "7.67"]
[White "Rita, Joao"]
[Black "Moore, Gerald"]
[Result "0-1"]
[WhiteElo "2011"]
[BlackElo "2094"]
[PlyCount "60"]
[EventDate "2016.03.19"]
[WhiteTeam "3Cs 2"]
[BlackTeam "Broadland Bitterns"]

1. e4 g6 2. d4 Bg7 3. Nc3 d6 4. Be3 a6 5. Qd2 b5 6. Bd3 Bb7 7. a4 b4 8. Nce2 a5
9. Nf3 Nd7 10. O-O Ngf6 11. Ng3 O-O 12. Bh6 e5 13. c3 c5 14. Bxg7 Kxg7 15. Qg5
cxd4 16. cxd4 exd4 17. Nf5+ Kh8 18. Nxd6 Ba6 19. Bxa6 Rxa6 20. e5 Nxe5 21. Qxe5
Rxd6 22. Rad1 d3 23. Nd2 Kg8 24. Nb3 Rd5 25. Qf4 Re8 26. Rfe1 Re2 27. Nd2 Rf5
28. Qh4 Rfxf2 29. Rxe2 Rxe2 30. Nc4 Re4 0-1

[Event "4NCL 3 North pool A"]
[Site "Wakefield, ENG"]
[Date "2016.03.19"]
[Round "7.68"]
[White "Bin-Suhayl, Ieysaa"]
[Black "Adams, Philip"]
[Result "1/2-1/2"]
[WhiteElo "1975"]
[BlackElo "2050"]
[PlyCount "74"]
[EventDate "2016.03.19"]
[WhiteTeam "Broadland Bitterns"]
[BlackTeam "3Cs 2"]

1. d4 Nf6 2. c4 g6 3. Nc3 Bg7 4. Nf3 O-O 5. e3 c5 6. Be2 cxd4 7. exd4 d5 8. O-O
Nc6 9. h3 dxc4 10. Bxc4 Na5 11. Be2 Be6 12. b3 Rc8 13. Bb2 Nc6 14. Qd2 Qa5 15.
Rfd1 Rfd8 16. Bc4 Bxc4 17. bxc4 Qb4 18. Qe2 Na5 19. c5 b6 20. Qb5 Qxb5 21. Nxb5
Nc4 22. Nxa7 Nxb2 23. Rdb1 Nc4 24. Nxc8 Rxc8 25. Rb4 Na5 26. cxb6 Ne8 27. Re1
e6 28. Rb5 Nb7 29. a4 Ned6 30. Rbb1 Ra8 31. Rec1 Rxa4 32. Rc7 Bxd4 33. Nxd4
Rxd4 34. Ra1 Rb4 35. Ra8+ Kg7 36. Rb8 Rxb6 37. Rd7 Rb5 1/2-1/2

[Event "4NCL 3 North pool A"]
[Site "Wakefield, ENG"]
[Date "2016.03.19"]
[Round "7.69"]
[White "Burke, Mitchell R"]
[Black "Saravanan, Karthik"]
[Result "1/2-1/2"]
[WhiteElo "2050"]
[BlackElo "1982"]
[PlyCount "73"]
[EventDate "2016.03.19"]
[WhiteTeam "3Cs 2"]
[BlackTeam "Broadland Bitterns"]

1. e4 c5 2. Nc3 Nc6 3. f4 g6 4. Nf3 Bg7 5. Bb5 Nd4 6. O-O Nxb5 7. Nxb5 d5 8. e5
d4 9. c3 a6 10. Na3 d3 11. Nc4 Nh6 12. b3 b5 13. Ne3 Bb7 14. a4 Rc8 15. Qe1 Qd7
16. axb5 axb5 17. Qh4 Nf5 18. Nxf5 Qxf5 19. Ra7 Rc7 20. Ba3 Qd7 21. Qf2 Qd5 22.
Bxc5 Qxb3 23. Bb6 Rd7 24. Qc5 O-O 25. Ra3 Qe6 26. Qe3 Rc8 27. Bd4 Bd5 28. Rb1
Bc4 29. Rba1 Rdc7 30. Ra6 Rc6 31. Rxc6 Qxc6 32. Ne1 Bh6 33. Ra7 Qe6 34. Nxd3
Bxd3 35. Qxd3 Bxf4 36. Qxb5 Bxd2 37. Qb4 1/2-1/2

[Event "4NCL 3 North pool A"]
[Site "Wakefield, ENG"]
[Date "2016.03.19"]
[Round "7.70"]
[White "Rahman, Yousuf"]
[Black "Burton, Graham P"]
[Result "1-0"]
[WhiteElo "1816"]
[BlackElo "2011"]
[PlyCount "101"]
[EventDate "2016.03.19"]
[WhiteTeam "Broadland Bitterns"]
[BlackTeam "3Cs 2"]

1. Nf3 e6 2. c4 c5 3. e3 Nf6 4. d4 Be7 5. Bd3 d6 6. Nc3 a6 7. O-O O-O 8. Nd2
Nbd7 9. Nde4 Nxe4 10. Nxe4 Nf6 11. dxc5 dxc5 12. Qc2 Nxe4 13. Bxe4 f5 14. Bf3
Qc7 15. Bd2 Bd6 16. h3 e5 17. Bd5+ Kh8 18. f4 Bd7 19. Rad1 Rae8 20. b3 exf4 21.
exf4 Bc6 22. Bxc6 bxc6 23. Ba5 Qb8 24. Qd2 Re6 25. Bc3 Rfe8 26. g3 Re3 27.
Bxg7+ Kxg7 28. Qxd6 Rxg3+ 29. Kh2 Qxd6 30. Rxd6 Rg6 31. Rd7+ Kh6 32. Rf2 Re1
33. Rf7 Rgg1 34. Rxf5 Rh1+ 35. Kg3 Re3+ 36. Kg2 Rhxh3 37. Rxc5 Reg3+ 38. Kf1
Rh1+ 39. Ke2 Rb1 40. Rxc6+ Kh5 41. Rd6 Kg4 42. f5 Rgg1 43. Rd2 Rbe1+ 44. Kd3
Rg3+ 45. Kd4 Re8 46. Kc5 h5 47. f6 Rf8 48. f7 Rf3 49. Rd4+ Kg3 50. Rxf3+ Kxf3
51. Rd7 1-0

[Event "4NCL 3 North pool A"]
[Site "Wakefield, ENG"]
[Date "2016.03.19"]
[Round "7.75"]
[White "Collins, Richard A"]
[Black "Watson, Phil R"]
[Result "1/2-1/2"]
[WhiteElo "1930"]
[BlackElo "2187"]
[PlyCount "102"]
[EventDate "2016.03.19"]
[WhiteTeam "Manchester Manticores 3"]
[BlackTeam "Bradford DCA Knights A"]

1. e4 c6 2. d4 d5 3. e5 Bf5 4. Bd3 Bxd3 5. Qxd3 e6 6. Nf3 Qa5+ 7. Nbd2 Qa6 8.
Qxa6 Nxa6 9. c3 Ne7 10. O-O Nf5 11. Nb3 Be7 12. Bg5 f6 13. Bf4 h5 14. Bd2 b6
15. Rfe1 Kf7 16. Re2 c5 17. Rae1 Nc7 18. exf6 gxf6 19. Bf4 Bd6 20. Bxd6 Nxd6
21. dxc5 Ne4 22. cxb6 axb6 23. a3 Ra4 24. Nbd4 Rg8 25. Nh4 e5 26. Ndf5 Ke6 27.
Kf1 Nd6 28. Nd4+ Kd7 29. Ndf5 Rg5 30. Nxd6 Rxh4 31. g3 Rxh2 32. Kg1 Rh4 33. Nf5
Ra4 34. Ne3 h4 35. Kh2 hxg3+ 36. fxg3 Ra8 37. Rd1 Ke6 38. Red2 e4 39. c4 Rd8
40. Rd4 Re5 41. g4 b5 42. b3 bxc4 43. bxc4 Ra8 44. cxd5+ Nxd5 45. Nxd5 Rxa3 46.
Nf4+ Kf7 47. Rd7+ Re7 48. Rxe7+ Kxe7 49. Re1 f5 50. gxf5 Kf6 51. Rxe4 Kxf5
1/2-1/2

[Event "4NCL 3 North pool A"]
[Site "Wakefield, ENG"]
[Date "2016.03.19"]
[Round "7.76"]
[White "Lang, Adam R"]
[Black "Hilton, Tim"]
[Result "1-0"]
[WhiteElo "2157"]
[BlackElo "1960"]
[PlyCount "80"]
[EventDate "2016.03.19"]
[WhiteTeam "Bradford DCA Knights A"]
[BlackTeam "Manchester Manticores 3"]

1. d4 Nf6 2. c4 Nc6 3. Nc3 e5 4. d5 Ne7 5. e4 Ng6 6. g3 Bc5 7. Bg2 d6 8. Nge2
O-O 9. O-O a6 10. h3 Bd7 11. Qd3 Rb8 12. a4 Qe7 13. a5 h6 14. Bd2 Nh7 15. Na4
Ba7 16. b4 f5 17. b5 Rbe8 18. b6 cxb6 19. axb6 Bb8 20. h4 Rf6 21. Nac3 Ref8 22.
exf5 Bxf5 23. Ne4 R6f7 24. N2c3 Nf6 25. Nxf6+ Qxf6 26. Ne4 Qe7 27. Be3 Nxh4 28.
gxh4 Qxh4 29. Bd2 Bg4 30. Qg3 Qh5 31. Ra3 Rf3 32. Rxf3 Bxf3 33. Re1 Kh8 34. Qh3
Qg6 35. Re3 Bxg2 36. Qxg2 Qh5 37. Rg3 Qd1+ 38. Qf1 Qc2 39. Qg2 Qd1+ 40. Kh2 Qe2
1-0

[Event "4NCL 3 North pool A"]
[Site "Wakefield, ENG"]
[Date "2016.03.19"]
[Round "7.77"]
[White "Potter, Steven"]
[Black "Drabble, Andrew"]
[Result "1/2-1/2"]
[WhiteElo "1915"]
[BlackElo "2058"]
[PlyCount "77"]
[EventDate "2016.03.19"]
[WhiteTeam "Manchester Manticores 3"]
[BlackTeam "Bradford DCA Knights A"]

1. d4 e6 2. Nf3 Nf6 3. Bg5 h6 4. Bh4 g5 5. Bg3 Ne4 6. Nbd2 Nxg3 7. hxg3 Bg7 8.
e3 d6 9. Bd3 Nd7 10. c3 b6 11. Be4 d5 12. Bd3 Bb7 13. Qe2 Qe7 14. e4 dxe4 15.
Bxe4 Bxe4 16. Qxe4 O-O 17. O-O c5 18. Nb3 cxd4 19. Nbxd4 Nc5 20. Qe3 Qb7 21.
Rfe1 Rad8 22. Rad1 Rd5 23. b4 Na6 24. b5 Nb8 25. Qe4 Rd7 26. Qxb7 Rxb7 27. Ne5
Bxe5 28. Rxe5 Rc8 29. Re3 Rbc7 30. Ne2 Rc4 31. Red3 Kf8 32. Rd8+ Ke7 33. Rxc8
Rxc8 34. f4 Rc5 35. a4 Nd7 36. Nd4 Nb8 37. Ne2 Nd7 38. Nd4 Nb8 39. Ne2 1/2-1/2

[Event "4NCL 3 North pool A"]
[Site "Wakefield, ENG"]
[Date "2016.03.19"]
[Round "7.78"]
[White "Jennings, Roger W"]
[Black "Lonsdale, Jon I"]
[Result "1/2-1/2"]
[WhiteElo "2072"]
[BlackElo "1892"]
[PlyCount "64"]
[EventDate "2016.03.19"]
[WhiteTeam "Bradford DCA Knights A"]
[BlackTeam "Manchester Manticores 3"]

1. g3 c5 2. Bg2 Nc6 3. Nf3 g6 4. O-O Bg7 5. d3 e5 6. Nc3 d6 7. Bg5 f6 8. Bd2
Be6 9. e4 Nge7 10. Qc1 g5 11. a3 Qd7 12. Rb1 h5 13. b4 Bh3 14. bxc5 dxc5 15.
Bxg5 fxg5 16. Qxg5 Bxg2 17. Kxg2 Qg4 18. Rxb7 O-O-O 19. Rfb1 Qxg5 20. Nxg5 Rd7
21. R7b5 c4 22. Nd5 Nxd5 23. exd5 Nd8 24. dxc4 Rb7 25. c5 Rxb5 26. Rxb5 Bf8 27.
Ra5 Kb7 28. Ne4 Rh6 29. Rb5+ Kc7 30. a4 Ra6 31. a5 Nb7 32. d6+ Kc6 1/2-1/2

[Event "4NCL 3 North pool A"]
[Site "Wakefield, ENG"]
[Date "2016.03.19"]
[Round "7.79"]
[White "Livesey, R Nigel"]
[Black "Bak, Andrew"]
[Result "0-1"]
[WhiteElo "1825"]
[BlackElo "2010"]
[PlyCount "64"]
[EventDate "2016.03.19"]
[WhiteTeam "Manchester Manticores 3"]
[BlackTeam "Bradford DCA Knights A"]

1. c4 Nf6 2. g3 g6 3. Bg2 Bg7 4. Nc3 e5 5. e4 O-O 6. Nge2 c6 7. O-O d6 8. d3
Nh5 9. Be3 f5 10. f4 a5 11. Rb1 Na6 12. Qd2 Nf6 13. h3 Be6 14. b3 h5 15. d4
Nxe4 16. Nxe4 fxe4 17. fxe5 Rxf1+ 18. Rxf1 dxe5 19. dxe5 Qxd2 20. Bxd2 Bxe5 21.
Bc3 Bg7 22. Bxg7 Kxg7 23. Nd4 Re8 24. h4 Bg4 25. Rf4 e3 26. Re4 Rxe4 27. Bxe4
Nc5 28. Bc2 Kf6 29. Kf1 Ke5 30. Ne2 Ne4 31. Bxe4 Bxe2+ 32. Kxe2 Kxe4 0-1

[Event "4NCL 3 North pool A"]
[Site "Wakefield, ENG"]
[Date "2016.03.19"]
[Round "7.80"]
[White "Nicholson, Jim W R"]
[Black "Pardoe, David"]
[Result "1-0"]
[WhiteElo "2014"]
[BlackElo "1795"]
[PlyCount "95"]
[EventDate "2016.03.19"]
[WhiteTeam "Bradford DCA Knights A"]
[BlackTeam "Manchester Manticores 3"]

1. d4 Nf6 2. Nf3 e6 3. Bg5 d5 4. e3 Nbd7 5. Nbd2 Be7 6. c3 b6 7. Bd3 Bb7 8. Qc2
h6 9. Bh4 c5 10. a4 c4 11. Be2 Qc7 12. b3 cxb3 13. Qxb3 Rc8 14. Rc1 O-O 15. O-O
Bd6 16. Bg3 Bxg3 17. hxg3 Ne4 18. Nxe4 dxe4 19. Nd2 Nf6 20. c4 Qd7 21. Ra1 Bc6
22. a5 Rb8 23. axb6 Rxb6 24. Qa3 Ra8 25. Nb3 Qc7 26. Nc5 a5 27. Rfb1 Rxb1+ 28.
Rxb1 Ne8 29. Na4 Rb8 30. Rb3 Rxb3 31. Qxb3 Kf8 32. Nb6 Kg8 33. c5 Nf6 34. Bb5
Nd5 35. Bxc6 Qxc6 36. Nxd5 exd5 37. Qb6 Qa4 38. Qd8+ Kh7 39. Qxd5 Qd1+ 40. Kh2
Qg4 41. f3 exf3 42. gxf3 Qc8 43. c6 a4 44. Qd7 Qa6 45. Qf5+ Kg8 46. c7 Qe2+ 47.
Kh3 Qf1+ 48. Kg4 1-0

[Event "4NCL 3 North pool A"]
[Site "Wakefield, ENG"]
[Date "2016.03.19"]
[Round "7.85"]
[White "Carpenter, Martin"]
[Black "Bennett, Patrick"]
[Result "1-0"]
[WhiteElo "2076"]
[BlackElo "2023"]
[PlyCount "43"]
[EventDate "2016.03.19"]
[WhiteTeam "Jorvik"]
[BlackTeam "Holmes Chapel"]

1. e4 c5 2. Nf3 g6 3. d4 cxd4 4. Nxd4 Bg7 5. Nc3 Nc6 6. Be3 Nf6 7. Bc4 Qa5 8.
O-O O-O 9. Nb3 Qd8 10. f4 d6 11. h3 b6 12. Qe2 Bb7 13. Rad1 Qc8 14. Bf2 Nb4 15.
Bh4 Nxe4 16. Nxe4 d5 17. Bxe7 dxc4 18. Nd6 Qb8 19. Qxc4 a5 20. Bxf8 Qxf8 21.
Nxb7 Rc8 22. Qxc8 1-0

[Event "4NCL 3 North pool A"]
[Site "Wakefield, ENG"]
[Date "2016.03.19"]
[Round "7.86"]
[White "Doran, Chris"]
[Black "White, Mark W"]
[Result "1-0"]
[WhiteElo "1982"]
[BlackElo "2080"]
[PlyCount "77"]
[EventDate "2016.03.19"]
[WhiteTeam "Holmes Chapel"]
[BlackTeam "Jorvik"]

1. e4 d6 2. d4 Nf6 3. Nc3 g6 4. Be3 Bg7 5. Qd2 c6 6. f3 O-O 7. O-O-O b5 8. h4
Qa5 9. Kb1 b4 10. Nce2 Na6 11. Nc1 Rb8 12. Nh3 Qc7 13. Ng5 c5 14. h5 c4 15.
hxg6 fxg6 16. Qe2 c3 17. Qc4+ e6 18. Nxe6 Qxc4 19. Bxc4 Bxe6 20. Bxe6+ Kh8 21.
Nd3 Nc7 22. Bb3 a5 23. Nf4 d5 24. Nxg6+ Kg8 25. Nxf8 Kxf8 26. Bf4 Rb7 27. Bd6+
Kg8 28. e5 Nfe8 29. f4 Ra7 30. Bxc7 Nxc7 31. Ba4 cxb2 32. f5 h6 33. Rd3 Kf7 34.
Rg3 Bf8 35. Rg6 Rb7 36. e6+ Ke7 37. Re1 Ne8 38. Bxe8 Kxe8 39. f6 1-0

[Event "4NCL 3 North pool A"]
[Site "Wakefield, ENG"]
[Date "2016.03.19"]
[Round "7.87"]
[White "Hopwood, Paul M"]
[Black "Turner, John M"]
[Result "1-0"]
[WhiteElo "2054"]
[BlackElo "2030"]
[PlyCount "96"]
[EventDate "2016.03.19"]
[WhiteTeam "Jorvik"]
[BlackTeam "Holmes Chapel"]

1. e4 d5 2. exd5 Qxd5 3. Nc3 Qd6 4. d4 Nf6 5. Nf3 a6 6. g3 Nc6 7. Bg2 Bg4 8.
O-O e6 9. Bf4 Qd7 10. h3 Bxf3 11. Qxf3 Be7 12. d5 exd5 13. Nxd5 Nxd5 14. Qxd5
Rd8 15. Qc4 O-O 16. Bxc6 Qxc6 17. Qxc6 bxc6 18. Rad1 Bd6 19. Be3 Rfe8 20. Kg2
f6 21. Kf3 Kf7 22. Rd3 Rb8 23. b3 Re6 24. Rfd1 Rbe8 25. Rc3 Be5 26. Rc4 Ke7 27.
Bc5+ Bd6 28. Bxd6+ Rxd6 29. Re1+ Kd7 30. Rxe8 Kxe8 31. Rc5 Kd7 32. Ra5 Rd2 33.
c4 Rc2 34. Rxa6 Rb2 35. Ra8 h6 36. h4 Kd6 37. h5 c5 38. Ke3 Rc2 39. f3 Rb2 40.
g4 Rc2 41. Kf4 Rf2 42. Ke4 Ke6 43. Ra6+ Ke7 44. f4 Re2+ 45. Kf5 Rf2 46. Ra8 Kd6
47. Rg8 Rxa2 48. Rxg7 Rb2 1-0

[Event "4NCL 3 North pool A"]
[Site "Wakefield, ENG"]
[Date "2016.03.19"]
[Round "7.88"]
[White "Scattergood, Ben"]
[Black "Flint, Martina"]
[Result "0-1"]
[WhiteElo "1946"]
[BlackElo "1845"]
[PlyCount "78"]
[EventDate "2016.03.19"]
[WhiteTeam "Holmes Chapel"]
[BlackTeam "Jorvik"]

1. e4 g6 2. Nf3 Bg7 3. d4 d6 4. g3 c6 5. Bg2 Qc7 6. c4 e5 7. d5 c5 8. Nc3 a6 9.
a4 Ne7 10. O-O O-O 11. a5 f5 12. b4 cxb4 13. Na4 Nd7 14. Ng5 Nc5 15. Nxc5 Qxc5
16. Be3 Qxc4 17. Qb1 h6 18. Rc1 Qb5 19. Nf3 fxe4 20. Bf1 Qe8 21. Qxe4 Kh7 22.
Rc7 Nf5 23. Nh4 Qd8 24. Bb6 Qf6 25. Rac1 Nxh4 26. gxh4 Bf5 27. Qxb4 Rab8 28.
Ba7 Rbc8 29. Qxb7 Rxc7 30. Rxc7 Rg8 31. Qb4 Kh8 32. Rc6 e4 33. Rxd6 Qxh4 34.
Qb3 Be5 35. h3 Qf4 36. Bc4 Bxd6 37. Bd4+ Be5 38. Bxe5+ Qxe5 39. d6 Rd8 0-1

[Event "4NCL 3 North pool A"]
[Site "Wakefield, ENG"]
[Date "2016.03.19"]
[Round "7.89"]
[White "Pearce, Neville R"]
[Black "Laurence, Geoff"]
[Result "0-1"]
[WhiteElo "1664"]
[BlackElo "2007"]
[PlyCount "94"]
[EventDate "2016.03.19"]
[WhiteTeam "Jorvik"]
[BlackTeam "Holmes Chapel"]

1. e4 Nc6 2. d4 d5 3. e5 f6 4. f4 Nh6 5. Nf3 Bf5 6. Bd3 Qd7 7. c3 e6 8. Be3 Be7
9. Qe2 Be4 10. Nbd2 f5 11. Nb3 Bxd3 12. Qxd3 b6 13. O-O O-O 14. c4 Nb4 15. Qc3
dxc4 16. Qxc4 Nd5 17. Bd2 a5 18. a3 a4 19. Nc1 Rfd8 20. Qe2 c5 21. dxc5 Bxc5+
22. Kh1 Ng4 23. Nd3 Qb5 24. Rae1 Nde3 25. Bxe3 Nxe3 26. Nxc5 Qxe2 27. Rxe2 Nxf1
28. Nxe6 Rd1 29. Re1 Rxe1 30. Nxe1 Ne3 31. Kg1 Rc8 32. Kf2 Nd1+ 33. Ke2 Nxb2
34. Nd4 g6 35. e6 Kf8 36. Nef3 Nc4 37. Ng5 h6 38. Nf7 Nxa3 39. Ne5 b5 40. Nxg6+
Kg7 41. Ne7 Re8 42. Nexf5+ Kf6 43. g4 b4 44. Kd3 b3 45. h4 b2 46. g5+ hxg5 47.
hxg5+ Kg6 0-1

[Event "4NCL 3 North pool A"]
[Site "Wakefield, ENG"]
[Date "2016.03.19"]
[Round "7.90"]
[White "Roberts, Malcolm A"]
[Black "Andrews, Norman G"]
[Result "0-1"]
[WhiteElo "1728"]
[BlackElo "1559"]
[PlyCount "56"]
[EventDate "2016.03.19"]
[WhiteTeam "Holmes Chapel"]
[BlackTeam "Jorvik"]

1. e4 c5 2. Nf3 d6 3. Nc3 Nf6 4. h3 g6 5. Bc4 Bg7 6. d3 a6 7. a4 O-O 8. O-O Nc6
9. Ne2 Rb8 10. Bd2 b5 11. axb5 axb5 12. Bb3 Nd7 13. Bc3 Nce5 14. Nxe5 Nxe5 15.
f4 b4 16. fxe5 bxc3 17. Nxc3 Bxe5 18. Qf3 e6 19. Ra7 Rb7 20. Rfa1 Rxa7 21. Rxa7
c4 22. Ra3 cxb3 23. Rxb3 Qh4 24. Kf1 f5 25. Ke2 fxe4 26. Qxe4 Qf2+ 27. Kd1 Qf1+
28. Qe1 Qxg2 0-1